| 000 | 00597nam a2200181 i 4500 | ||
|---|---|---|---|
| 001 | 81319 | ||
| 003 | ES-MaACL | ||
| 005 | 20230906174420.0 | ||
| 007 | t| | ||
| 008 | 041104s1947 sp ||||1| spa d | ||
| 100 | 1 |
_aHoyos Sáinz, Luis de, _d1868-1951 _964437 |
|
| 245 | 1 | 4 |
_aLas razas de las primeras edades del metal en el Sudeste de España / _cLuis de Hoyos Sáinz. |
| 260 |
_a[S.l. : _bs.n., _c1947] ( _eCartagena : _fImp. Papelería Española) |
||
| 300 |
_a6 h. ; _c22 cm. |
||
| 500 | _aEs separata de: pág. 34-45. | ||
| 852 |
_aES-MaACL _j1879-F-1 _bR.254 |
||
| 999 |
_c81319 _d81319 |
||